00390cam a2200157ua 45000010005000000080039000050400009000440820013000531000027000662450042000932500009001352600030001443000017001746530024001916530017002153675120209n ii |||gr||||Z||||||asm cMAIN a891.4514 aBaruah, Prahlad Kumar,11aCintar abhascby Prahlad Kumar Baruah a1st. aDibrugarh:bBanalata,992. a223p:c23cm. aAssamese literature aCintar abhas